000 00354nam a22001337a 4500
020 _aNA
082 _222
_a621.3104219
100 _aSawhney, A.K and Chakrabarti, A.
245 _aA course in electrical machine design /
250 _a6th ed.
260 _aNew Delhi,
_bDhanput Rai,
_cc2006.
300 _axxiv, 23.34p. ;
_bill. ;
_c24 cm.
942 _2ddc
_cEE
999 _c2567
_d2567